Statistiques concernant Football - Les Derniers Champions des Compétitions

Cliquez ici pour prendre le quiz!

Statistiques générales

  • Ce quiz a été pris 260 fois
    (2 depuis la dernière actualisation)
  • Le résultat moyen est 39 sur 79

Statistiques - réponses

AnnéeÉquipes Championnes% Correct
2023/2024Real Madrid
100%
2021/2022AC Milan
50%
2019Algérie
50%
2014Allemagne
50%
2021Argentine
50%
2022Argentine
50%
2021/2022AS Rome
50%
2023/2024Atalanta Bergame
50%
2020/2021Atlético Madrid
50%
2023/2024Bayer Leverkusen
50%
2019/2020Bayern Munich
50%
2018/2019Bayern Munich
50%
2021/2022Bayern Munich
50%
2019/2020Bayern Munich
50%
2020/2021Bayern Munich
50%
2022/2023Bayern Munich
50%
2018/2019Benfica
50%
2022/2023Benfica
50%
2019Brésil
50%
2017Cameroun
50%
2018/2019Chelsea
50%
2020/2021Chelsea
50%
2016Chili
50%
2015Chili
50%
2023 (2024)Côte d'Ivoire
50%
2015Côte d'Ivoire
50%
2021/2022Eintracht Francfort
50%
2012Espagne
50%
2010Espagne
50%
2008Espagne
50%
2022/2023Espagne
50%
2022/2023FC Barcelone
50%
2018/2019FC Barcelone
50%
2021/2022FC Porto
50%
2019/2020FC Porto
50%
2022/2023FC Séville
50%
2019/2020FC Séville
50%
2020/2021France
50%
2018France
50%
2004Grèce
50%
2023/2024Inter Milan
50%
2020/2021Inter Milan
50%
2006Italie
50%
2020 (2021)Italie
50%
2011Japon
50%
2019/2020Juventus
50%
2018/2019Juventus
50%
2020/2021Lille LOSC
50%
2018/2019Liverpool
50%
2019/2020Liverpool
50%
2023/2024Manchester City
50%
2022/2023Manchester City
50%
2021/2022Manchester City
50%
2023/2022Manchester City
50%
2018/2019Manchester City
50%
2020/2021Manchester City
50%
2022/2023Naples
50%
2023/2024Olympiakos
50%
2022/2023Paris Saint-Germain
50%
2021/2022Paris Saint-Germain
50%
2023/2024Paris Saint-Germain
50%
2019/2020Paris Saint-Germain
50%
2018/2019Paris Saint-Germain
50%
2018/2019Portugal
50%
2016Portugal
50%
2019Qatar
50%
2023 (2024)Qatar
50%
2019/2020Real Madrid
50%
2021/2022Real Madrid
50%
2023/2024Real Madrid
50%
2021/2022Real Madrid
50%
2021Sénégal
50%
2020/2021Sporting CP
50%
2023/2024Sporting CP
50%
2011Uruguay
50%
2020/2021Villarreal
50%
2022/2023West Ham
50%
2015Australie
0%
2007Irak
0%

Distribution des résultats

Percentile par nombre de réponses

% des personnes avec chaque résultat

Votre développement - résultats

Vous n’avez pas pris ce quiz depuis la dernière actualisation